000 00978cam a2200265 i 4500
005 20200104041521.0
008 060702t 1999dcuad r 001 0 eng d
015 _aNNN
020 _a155963698X
040 _aCO-BoPUJ
_cCO-BoIAVH
_dCO-BoIAVH
041 0 _aeng
044 _axxu
082 0 4 _a333.72
_bC76c
245 0 0 _aContinental conservation :
_bscientific foundations of regional reserve networks
_cedited by Michael E. Soulé and John W. Terborgh.
260 _aWashington, D.C. ;
_bIsland Press,
_cc1999.
300 _axi, 227 páginas :
_bilustraciones y gráficas ;
_c24 cm.
504 _aIncluye referencias bibliográficas e índice.
650 1 4 _aConservación de la naturaleza
650 2 4 _aDiversidad biológica
_xConservación
650 2 4 _aConservación biológica
700 1 _aSoulé, Michael E.,
_eeditor.
700 1 _aTerborgh, John W.,
_d1936-,
_eeditor.
710 2 4 _aWildlands Project
942 _2ddc
_cLIBRO
999 _c1460
_d1460